Wszyscy piłkarze powołani na Mistrzostwa Świata 2022 - Statystyki

Ogólne statystyki
  • Ten quiz został rozwiązany 697 razy
    690 od ostatniego zresetowania
  • Średni wynik to 113 z 862
Statystyki odpowiedzi
Footballer % Poprawnych
Robert Lewandowski
88%
Lionel Messi
81%
Wojciech Szczęsny
80%
Kylian Mbappe
76%
Cristiano Ronaldo
69%
Piotr Zieliński
68%
Arkadiusz Milik
67%
Kamil Glik
67%
Harry Kane
66%
Matty Cash
63%
Neymar
63%
Cho Yu-Min
62%
Son Heung-Min
62%
Grzegorz Krychowiak
61%
Henry Martin
60%
Jan Bednarek
58%
Lautaro Martínez
57%
Carlos Martínez
56%
Emiliano Martínez
56%
Lisandro Martínez
56%
Luka Modrić
56%
Nicola Zalewski
56%
Bartosz Bereszyński
54%
Hugo Lloris
54%
Krzysztof Piątek
54%
Łukasz Skorupski
54%
Damian Szymański
53%
Sebastian Szymański
53%
Ángel Di María
52%
Gareth Bale
52%
Jakub Kiwior
52%
Gavi
51%
Karol Świderski
51%
Almoez Ali
50%
Kim Jin-Su
50%
Virgil van Dijk
49%
Kamil Grosicki
48%
Manuel Neuer
48%
Pedri
48%
Kevin de Bruyne
47%
Olivier Giroud
47%
Frenkie de Jong
46%
Luuk de Jong
46%
Jordan Pickford
45%
Achraf Hakimi
44%
Luis Suárez
44%
Kamil Grabara
43%
Thomas Müller
43%
Anthony Hernandez
42%
Lucas Hernandez
42%
Romelu Lukaku
42%
Theo Hernandez
42%
Alisson
41%
Álvaro Morata
41%
Antoine Griezmann
41%
Bernardo Silva
41%
Ederson
41%
Memphis Depay
41%
Rodri
41%
Unai Simon
41%
Vinicius Junior
41%
Andre Silva
40%
Antonio Silva
40%
Christian Eriksen
40%
Ousmane Dembele
40%
Przemysław Frankowski
40%
Thiago Silva
40%
Adam Davies
39%
Alphonso Davies
39%
Ben Davies
39%
Bukayo Saka
39%
Harry Maguire
39%
Jude Bellingham
39%
Keylor Navas
39%
Edson Álvarez
38%
Enner Valencia
38%
Hwang Ui-Jo
38%
Jakub Kamiński
38%
Julián Álvarez
38%
Kevin Álvarez
38%
Christian Pulisic
37%
Karim Benzema
37%
Kyle Walker
37%
Marc-André ter Stegen
37%
Artur Jędrzejczyk
36%
Boulaye Dia
36%
Édouard Mendy
36%
Formose Mendy
36%
Krystian Bielik
36%
Nampalys Mendy
36%
Bruno Fernandes
35%
John Stones
35%
Joshua Kimmich
35%
Pepe
35%
Phil Foden
35%
Thorgan Hazard
35%
Goncalo Ramos
34%
Guillermo Ochoa
34%
Leroy Sané
34%
Luca de la Torre
34%
Marcus Rashford
34%
Michał Skóraś
34%
Raphael Varane
34%
Enzo Fernández
33%
Jamal Musiala
33%
Jules Kounde
33%
Thibaut Courtois
33%
Edimilson Fernandes
32%
Jordi Alba
32%
Raheem Sterling
32%
Casemiro
31%
Dominik Livaković
31%
Eduardo Camavinga
31%
Ferran Torres
31%
Na Sang-Ho
31%
Paik Seung-Ho
31%
Rodrigo De Paul
31%
Son Jun-Ho
31%
Yann Sommer
31%
Edinson Cavani
30%
Facundo Torres
30%
Felix Torres
30%
Gerson Torres
30%
Jack Grealish
30%
Kalidou Koulibaly
30%
Paulo Dybala
30%
Pau Torres
30%
Adrien Rabiot
29%
Antonio Rüdiger
29%
Declan Rice
29%
Federico Valverde
29%
Joao Felix
29%
Jordan Henderson
29%
Nicolás Otamendi
29%
Richarlison
29%
Rodrygo
29%
Trent Alexander-Arnold
29%
Benjamin Pavard
28%
Cody Gakpo
28%
Dayot Upamecano
28%
Jonathan David
28%
Kai Havertz
28%
Kasper Schmeichel
28%
Nathan Ake
28%
Serge Gnabry
28%
Amadou Onana
27%
Andre Onana
27%
Jose Se
27%
Rui Patricio
27%
Sergej Milinković-Savić
27%
Vanja Milinković-Savić
27%
Dusan Vlahović
26%
Leon Goretzka
26%
Luke Shaw
26%
Mateo Kovacić
26%
Randal Kolo Muani
26%
Akram Afif
25%
Andreas Christensen
25%
Denzel Dumfries
25%
Jorge Sánchez
25%
Kingsley Coman
25%
Mateusz Wieteska
25%
Matthijs de Ligt
25%
Oliver Christensen
25%
Rafael Leao
25%
Robert Sánchez
25%
Alexis Mac Allister
24%
Cristian Romero
24%
Hakim Ziyech
24%
Ivan Perisić
24%
Josko Gvardiol
24%
Kevin Rodríguez
24%
Marquinhos
24%
Mason Mount
24%
Mehdi Taremi
24%
Nick Pope
24%
Ruben Dias
24%
Sergio Busquets
24%
Szymon Żurkowski
24%
Charly Rodríguez
23%
Dani Olmo
23%
Darwin Núñez
23%
Diogo Costa
23%
Granit Xhaka
23%
Guido Rodriguez
23%
Hirving Lozano
23%
José Luis Rodríguez
23%
Lucas Paqueta
23%
Ricardo Rodríguez
23%
Robert Gumny
23%
Sofyan Amrabat
23%
Xherdan Shaqiri
23%
Yassine Bounou
23%
Andrej Kramarić
22%
Eder Militao
22%
Gabriel Jesus
22%
Iñaki Williams
22%
Joao Cancelo
22%
Jonny Williams
22%
Marcos Acuña
22%
Nahuel Molina
22%
Neco Williams
22%
Nico Williams
22%
Niklas Süle
22%
Salem Al-Dawsari
22%
Tim Weah
22%
Aaron Ramsdale
21%
Aaron Ramsey
21%
Aymeric Laporte
21%
Breel Embolo
21%
Dani Carvajal
21%
Ibrahima Konate
21%
Nasser Al-Dawsari
21%
Néstor Araujo
21%
Steve Mandanda
21%
Alejandro Balde
20%
Daley Blind
20%
Marco Asensio
20%
Papu Gómez
20%
Ronald Araújo
20%
Ansu Fati
19%
Daniel James
19%
Domagoj Vida
19%
İlkay Gündoğan
19%
Kalvin Phillips
19%
Manuel Akanji
19%
Marcelo Brozović
19%
Marcus Thuram
19%
Maxi Gómez
19%
Raphinha
19%
Stefan de Vrij
19%
Yussuf Poulsen
19%
Aleksandar Mitrović
18%
Daniel Alves
18%
Filip Kostić
18%
Gonzalo Montiel
18%
Leandro Paredes
18%
Raúl Jiménez
18%
Stefan Mitrović
18%
Weston McKennie
18%
Wout Weghorst
18%
Alphonse Areola
17%
Antony
17%
Callum Wilson
17%
Fernando Muslera
17%
Harry Wilson
17%
Ismaïla Sarr
17%
Jan Vertonghen
17%
Kieran Trippier
17%
Pape Matar Sarr
17%
Roan Wilson
17%
William Saliba
17%
Xavi Simons
17%
Axel Witsel
16%
Ben White
16%
Gio Reyna
16%
Gregor Kobel
16%
Kasper Dolberg
16%
Moisés Caicedo
16%
Niclas Füllkrug
16%
Pedro
16%
Sergino Dest
16%
Wayne Hennessey
16%
Andries Noppert
15%
Davy Klaassen
15%
Dusan Tadić
15%
Eric Maxim Choupo-Moting
15%
Idrissa Gana Gueye
15%
José María Giménez
15%
Koke
15%
Nicolás Tagliafico
15%
Pape Gueye
15%
Steven Bergwijn
15%
Vincent Aboubakar
15%
Bryan Ruiz
14%
Danilo
14%
Danny Ward
14%
Eric García
14%
Gabriel Martinelli
14%
Héctor Moreno
14%
Hiroki Ito
14%
Junya Ito
14%
Kieffer Moore
14%
Mathew Ryan
14%
Matt Turner
14%
Nuno Mendes
14%
Shaq Moore
14%
Simon Kjaer
14%
Youssouf Fofana
14%
Dejan Lovren
13%
Fred
13%
Josip Juranović
13%
Kevin Trapp
13%
Marcos Llorente
13%
Mislav Orsić
13%
Raphael Guerreiro
13%
Yannick Carrasco
13%
Youssef En-Nesyri
13%
Alex Sandro
12%
Andre Ayew
12%
Bruno Petković
12%
Carlos Soler
12%
Diego Godín
12%
Diogo Dalot
12%
Dries Mertens
12%
Héctor Herrera
12%
Issam Jebali
12%
James Maddison
12%
Jérémy Doku
12%
Jordan Ayew
12%
Kim Min-Jae
12%
Lee Kang-In
12%
Mikkel Damsgaard
12%
Mohammed Kudus
12%
Pervis Estupiñán
12%
Pierre-Emile Hojbjerg
12%
Steven Berghuis
12%
Thomas Meunier
12%
Thomas Partey
12%
Aaron Mooy
11%
Ángel Correa
11%
Aurelien Tchoumeni
11%
Danilo Pereira
11%
Denis Zakaria
11%
Fabinho
11%
Gerónimo Rulli
11%
Joe Allen
11%
Leandro Trossard
11%
Nicolas Jackson
11%
Ruben Neves
11%
Tyler Adams
11%
Wahbi Khazri
11%
Youri Tielemans
11%
Antonee Robinson
10%
Borna Sosa
10%
Bruno Guimaraes
10%
César Azpilicueta
10%
David Raum
10%
Eric Dier
10%
Franco Armani
10%
Jeremie Frimpong
10%
Joakim Maehle
10%
Joel Campbell
10%
Jurrien Timber
10%
Kaoru Mitoma
10%
Lovro Majer
10%
Martin Braithwaite
10%
Nico Schlotterbeck
10%
Pablo Sarabia
10%
Sardar Azmoun
10%
Sebastian Sosa
10%
Takefusa Kubo
10%
Tim Ream
10%
Weverton
10%
William Carvalho
10%
Andreas Skov Olsen
9%
Axel Disasi
9%
Connor Roberts
9%
Douglas López
9%
Haris Seferović
9%
Juan Pablo Vargas
9%
Julian Brandt
9%
Justin Bijlow
9%
Marten de Roon
9%
Ritsu Doan
9%
Ruben Vargas
9%
Sofiane Boufal
9%
Teun Koopmeiners
9%
Toby Alderweireld
9%
Vitinha
9%
Alexander Domínguez
8%
Andrés Guardado
8%
Bremer
8%
Brennan Johnson
8%
Conor Coady
8%
Conor Gallagher
8%
Craig Goodwin
8%
Daichi Kamada
8%
Gonzalo Plata
8%
Juan Foyth
8%
Lawrence Ati-Zigi
8%
Mario Götze
8%
Mario Pasalić
8%
Matheus Nunes
8%
Matthew Smith
8%
Maya Yoshida
8%
Milan Borjan
8%
Mitchell Duke
8%
Mohamed Kanno
8%
Nikola Milenković
8%
Rasmus Kristensen
8%
Remko Pasveer
8%
Remo Freuler
8%
Rodrigo Bentancur
8%
Sean Johnson
8%
Simon Mignolet
8%
Takehiro Tomiyasu
8%
Tyrell Malacia
8%
Walker Zimmerman
8%
Wataru Endo
8%
Yahia Attiyat Allah
8%
Abdul-Rahman Baba
7%
Andre-Frank Zambo Anguissa
7%
Fabian Schär
7%
Filip Mladenović
7%
Homam Ahmed
7%
Joachim Andersen
7%
Jo Hyeon-Woo
7%
Jordan Veretout
7%
Karim Adeyemi
7%
Kenneth Taylor
7%
Koen Casteels
7%
Luka Jović
7%
Lukas Klostermann
7%
Matthias Ginter
7%
Moisés Ramírez
7%
Pedro Miguel
7%
Piero Hincapié
7%
Sebas Mendez
7%
Song Bum-Keun
7%
Tajon Buchanan
7%
Takumi Minamino
7%
Vincent Janssen
7%
Yeremy Pino
7%
Youssoufa Moukoko
7%
Abdou Diallo
6%
Alexis Vega
6%
Alex Telles
6%
Ali Gholizadeh
6%
Ángel Mena
6%
Atiba Hutchinson
6%
Bailey Wright
6%
Bamba Dieng
6%
Brenden Aaronson
6%
Bryan Mbeumo
6%
Chris Gunter
6%
Christian Günter
6%
David Gaya
6%
Diego Palacios
6%
Djibril Sow
6%
Exequiel Palacios
6%
Germán Pezzella
6%
Haji Wright
6%
Ismail Jakobs
6%
Jens Stryger Larsen
6%
Loïs Openda
6%
Luis Chávez
6%
Mathew Leckie
6%
Michy Batshuayi
6%
Mohamed Al-Owais
6%
Moustapha Name
6%
Nikola Vlasić
6%
Noussair Mazraoui
6%
Pathé Ismael Ciss
6%
Ricardo Horta
6%
Robert Skov
6%
Rogelio Funes Mori
6%
Saad Al Sheeb
6%
Seny Dieng
6%
Shuichi Gonda
6%
Strahinja Pavlović
6%
Thilo Kehrer
6%
Thomas Delaney
6%
Timothy Castagne
6%
Yunus Musah
6%
Aaron Long
5%
Achraf Dari
5%
Alexander Bah
5%
Ángelo Preciado
5%
Ayrton Preciado
5%
Cheikhou Kouyaté
5%
Daniel Amartey
5%
Danlad Ibrahim
5%
Eiji Kawashima
5%
Ethan Ampadu
5%
Hannibal Mejbri
5%
Hernán Galíndez
5%
Ilimane Ndiaye
5%
Ismail Mohamad
5%
Ivo Grbić
5%
Joao Mario
5%
Joao Palhinha
5%
Joel King
5%
Joe Rodon
5%
Jonas Hofmann
5%
Jonas Wind
5%
Josip Stanisić
5%
Josip Sutalo
5%
Karl Toko Ekambi
5%
Kellyn Acosta
5%
Keysher Fuller
5%
Kim Moon-Hwan
5%
Kim Tae-Hwan
5%
Marko Dmitrović
5%
Marko Livaja
5%
Mathias Jensen
5%
Matteo Guendouzi
5%
Moussa N'Diaye
5%
Nao Lang
5%
Pierre Kunde
5%
Predrag Rajković
5%
Romain Saiss
5%
Wout Faes
5%
Yuto Nagatomo
5%
Abdelkarim Hassan
4%
Abdulelah Al-Amri
4%
Alan Franco
4%
Alfred Gomis
4%
Alistair Johnston
4%
Andreas Cornelius
4%
César Montes
4%
Chris Mepham
4%
Cyle Larin
4%
Daizen Maeda
4%
DANIA
4%
Daniel Schmidt
4%
DeAndre Yedlin
4%
Derek Cornelius
4%
Elyas Skhiri
4%
Ethan Horvath
4%
Fodé Ballo-Touré
4%
Giorgian De Arrascaeta
4%
Haitham Asiri
4%
Hassan Al-Haydos
4%
Hiroki Sakai
4%
Hwang Hee-Chan
4%
Jackson Irvine
4%
Jackson Porozo
4%
Jamie Maclaren
4%
Jeremy Sarmiento
4%
Jesus Ferreira
4%
Joel Waterman
4%
Johan Vasquez
4%
Josh Sargent
4%
Kamal Miller
4%
Leander Dendoncker
4%
Mark Harris
4%
Meshaal Barsham
4%
Michael Estrada
4%
Miki Yamane
4%
Milad Mohammadi
4%
Milos Degenek
4%
Mohamed Muntari
4%
Mohammed Salisu
4%
Mouez Hassen
4%
Nayef Aguerd
4%
Nemanja Gudelj
4%
Nico Elvedi
4%
Nicolas De La Cruz
4%
Pape Abou Cissé
4%
Renato Steffen
4%
Rubin Colwill
4%
Saleh Al-Shehri
4%
Salman Al-Faraj
4%
Sasa Lukić
4%
Selim Amallah
4%
Sorba Thomas
4%
Srdan Babić
4%
Steven Vitoria
4%
Takuma Asano
4%
Tarek Salman
4%
Tariq Lamptey
4%
Thiago Almada
4%
Victor Nelsson
4%
Yasser Al-Shahrani
4%
Yousef Hassan
4%
Ajdin Hrustic
3%
Alireza Jahanbakhsh
3%
Ante Budimir
3%
Ayase Ueda
3%
Azzedine Ounahi
3%
Badr Benoun
3%
Bassam Al-Rawi
3%
Boualem Khoukhi
3%
Bryan Oviedo
3%
Cameron Carter-Vickers
3%
Cameron Devlin
3%
Collins Fai
3%
Daniel Wass
3%
Dylan Levitt
3%
Erick Gutiérrez
3%
Esteban Alvarado
3%
Everton Ribeiro
3%
Fabian Frei
3%
Facundo Pellistri
3%
Garang Kuol
3%
Harry Souttar
3%
Ismael Kone
3%
Ivica Ivusić
3%
Jesús Gallardo
3%
Jonas Omlin
3%
Jonathan Osorio
3%
Jordan Morris
3%
Jung Woo-Young
3%
Karim Boudiaf
3%
Kim Young-Gwon
3%
Krépin Diatta
3%
Lucas Torreira
3%
Martín Cáceres
3%
Martin Erlić
3%
Mohamed Al-Yami
3%
Moustafa Tarek
3%
Munir El Kajoui
3%
Nouhou Tolo
3%
Osman Bukari
3%
Riley McGree
3%
Roberto Alvarado
3%
Sergio Rochet
3%
Silvan Widmer
3%
William Pacho
3%
Youssouf Sabaly
3%
Abdulelah Al-Malki
2%
Abdullah Madu
2%
Alfredo Talavera
2%
Ali Asad
2%
Ali Karimi
2%
Alireza Beiranvand
2%
Andrija Zivković
2%
Ao Tanaka
2%
Armell Bella Kotchap
2%
Arthur Theate
2%
Awer Mabil
2%
Ben Cabango
2%
Borna Barisić
2%
Carlos Gruezo
2%
Charles De Ketelaere
2%
Devis Epassy
2%
Famara Diédhiou
2%
Fran Karacic
2%
Guillermo Varela
2%
Hans Vanaken
2%
Hassan Tambakti
2%
Hidemasa Morita
2%
Hugo Guillamon
2%
Ivan Ilić
2%
Jawad El Yamiq
2%
Jean-Charles Castelletto
2%
Jean-Pierre Nsame
2%
Jeong Woo-Yeong
2%
Joe Morrell
2%
José Cifuentes
2%
Kamaldeen Sulemana
2%
Kim Seung-Gyu
2%
Ko Itakura
2%
Kwon Kyung-Won
2%
Luka Sucić
2%
Majid Hosseini
2%
Manuel Ugarte
2%
Mathías Olivera
2%
Matias Vecino
2%
Nemanja Maksimović
2%
Noah Okafor
2%
Robert Arboleda
2%
Romario Ibarra
2%
Saman Ghoddos
2%
Saud Abdulhamid
2%
Sebastián Coates
2%
Seyed Hossein Hosseini
2%
Song Min-Kyu
2%
Souaibou Marou
2%
Stephen Eustaquio
2%
Thomas Deng
2%
Tom Lockyer
2%
Vahid Amiri
2%
Yahya Jabrane
2%
Yoon Jong-Gyu
2%
Zeno Debast
2%
Abdelaziz Hatim
1%
Abdelhamid Sabiri
1%
Abderrazak Hamdallah
1%
Abdullah Otayf
1%
Abdulrahman Al-Aboud
1%
Abolfazl Jalali
1%
Ahmed Alaaeldin
1%
Alexander Djiku
1%
Ali Al-Bulaihi
1%
Ali Al-Hassan
1%
Amir Abedzadeh
1%
Andrew Redmayne
1%
Anthony Contreras
1%
ARABIA SAUDYJSKA
1%
ARGENTYNA
1%
AUSTRALIA
1%
Aziz Behich
1%
Bechir Ben Said
1%
BELGIA
1%
Bilel Ifa
1%
Celso Borges
1%
Cho Gue-Sung
1%
CHORWACJA
1%
Christian Bassogog
1%
Christian Fassnacht
1%
Christian Noergaard
1%
Cristian Roldan
1%
Danny Vukovic
1%
Darko Lazović
1%
Djorkaeff Reasco
1%
Dylan Bronn
1%
Ehsan Hajsafi
1%
EKWADOR
1%
Eray Cömert
1%
Ferjani Sassi
1%
Firas Al-Buraikan
1%
Francisco Calvo
1%
FRANCJA
1%
Frederik Roennow
1%
Gaku Shibasaki
1%
Gerardo Arteaga
1%
GHANA
1%
Hattan Bahebri
1%
HOLANDIA
1%
IRAN
1%
Issahaku Abdul Fatawu
1%
Jason Cummings
1%
Jassem Gaber
1%
Jesper Lindstroem
1%
Joe Scally
1%
Joseph Aidoo
1%
Junior Hoilett
1%
KANADA
1%
Karim Ansarifard
1%
KATAR
1%
Keanu Baccus
1%
Kendall Waston
1%
Khalid Muneer
1%
KOSTARYKA
1%
Kristijan Jakić
1%
Kye Rowles
1%
Lee Jae-Sung
1%
Lucas Cavallini
1%
Luis Romo
1%
Mamdou Loum
1%
Marko Grujić
1%
MAROKO
1%
Matías Viña
1%
Mehdi Torabi
1%
MEKSYK
1%
Michel Aebischer
1%
Milos Veljković
1%
Mohammed Al-Breik
1%
Mohammed Waad
1%
Morteza Pouraliganji
1%
Musaab Khidir
1%
Naif Al-Hadhrami
1%
Naim Sliti
1%
Nathaniel Atkinson
1%
Nawaf Al-Abed
1%
Nawaf Al-Aqidi
1%
Nemanja Radonjić
1%
NIEMCY
1%
Orbelín Pineda
1%
Óscar Duarte
1%
Otavio Monteiro
1%
Payam Niazmand
1%
Philipp Köhn
1%
POLSKA
1%
PORTUGALIA
1%
Ramin Rezaeian
1%
Richie Laryea
1%
Riyadh Sharahili
1%
Rodolfo Cota
1%
Rouzbeh Cheshmi
1%
Sadegh Moharrami
1%
Saeid Ezatolahi
1%
Salem Al-Hajri
1%
Sami Al-Najei
1%
Seifeddine Jaziri
1%
SENEGAL
1%
SERBIA
1%
Shogo Taniguchi
1%
Shojae Khalilzadeh
1%
STANY ZJEDNOCZONE
1%
Sultan Al-Ghanam
1%
SZWAJCARIA
1%
TUNEZJA
1%
Uriel Antuna
1%
URUGWAJ
1%
Walid Cheddira
1%
Xavier Arreaga
1%
Yeltsin Tejeda
1%
Youssef Msakni
1%
Yuki Soma
1%
Abde Ezzalzouli
0%
Agustin Canobbio
0%
Ahmad Noorollahi
0%
Ahmed Reda Tagnaouti
0%
Aissa Laidouni
0%
Ali Abdi
0%
Alidu Seidu
0%
Ali Maaloul
0%
Álvaro Zamora
0%
Anass Zaroury
0%
ANGLIA
0%
Anis Ben Slimane
0%
Antoine Semenyo
0%
Ardon Jashari
0%
Assim Modibo
0%
Aymen Dahmen
0%
Aymen Mathlouthi
0%
Bilel El Khanouss
0%
Brandon Aguilera
0%
BRAZYLIA
0%
Christopher Wooh
0%
Daniel Afriyie
0%
Daniel Chacón
0%
Daniel-Kofi Kyereh
0%
David Wotherspoon
0%
Dayne St. Clair
0%
Denis Odoi
0%
Elisha Owusu
0%
Enzo Ebosse
0%
Fabian Rieder
0%
Filip Duricić
0%
Gael Ondoua
0%
Georges-Kevin Nkoudou
0%
Ghaylane Chaalali
0%
Gideon Mensah
0%
HISZPANIA
0%
Hong Chul
0%
Hossein Kanaanizadegan
0%
Hwang In-Beom
0%
Ike Ugbo
0%
Ilias Chair
0%
James Pantemis
0%
JAPONIA
0%
Jerome Ngom Mbekeli
0%
Jewisson Bennette
0%
Johan Venegas
0%
Kamal Sowah
0%
KAMERUN
0%
KOREA POŁUDNIOWA
0%
Kwon Chang-Hoon
0%
Liam Fraser
0%
Liam Millar
0%
Manaf Nurudeen
0%
Marco Tilio
0%
Mark-Anthony Kaye
0%
Martin Hongla
0%
Mohamed Drager
0%
Montassar Talbi
0%
Moumi Ngamaleu
0%
Nader Ghandri
0%
Nicolas Nkoulou
0%
ohamed Ali Ben Romdhane
0%
Olivier Mbaizo
0%
Olivier Ntcham
0%
Patrick Sequeira
0%
Ronald Matarrita
0%
Salis Abdul Samed
0%
Samuel Adekugbe
0%
Samuel Gouet
0%
Samuel Piette
0%
Shuto Machino
0%
Simon Ngapandouetnbu
0%
Strahinja Eraković
0%
Taha Yassine Khenissi
0%
Uros Racić
0%
Wajdi Kechrida
0%
WALIA
0%
Yassine Meriah
0%
Youstin Salas
0%
Zakaria Aboukhlal
0%
Nie znaleziono quizów pasujących do podanych kryteriów
Rozkład punktacji
Procent ludzi z każdym wynikiem
Percentyl według liczby udzielonych odpowiedzi
Twoja historia wyników
Nie rozwiązałeś tego quizu od ostatniego zresetowania